| 000 | 00416 a2200157 4500 | ||
|---|---|---|---|
| 003 | Nust | ||
| 005 | 20230126150117.0 | ||
| 040 | _cNust | ||
| 082 | _a828.4,HUT | ||
| 245 |
_aHodder and Stoughtons peoples Library / _cEditor : Sidneey Dark |
||
| 260 |
_aLondon _bH & S |
||
| 300 | _a287:p | ||
| 505 | _aPart 1: Life (Page-11), Part 2: Literature (Page-161). | ||
| 650 |
_apeoples Library _9107798 |
||
| 942 |
_2ddc _cBK |
||
| 999 |
_c186036 _d186036 |
||